| 000 | 00510nam a2200157Ia 4500 | ||
|---|---|---|---|
| 005 | 20250425162101.0 | ||
| 008 | 250425s9999 xx 000 0 und d | ||
| 041 | _aeng | ||
| 245 | 0 | _aFISHERIES ACOUSTICS | |
| 250 | _aS.E. | ||
| 260 |
_aEstados Unidos _bCHAPMAN & HALL _c1992 |
||
| 260 | _aNEW YORK | ||
| 500 | _aINTRODUCTIONUNDERWATER SOUNDACOSUSTIC INTRUMENTSBIOLOGAL ACOUSTICSOBSERVATION AND MEASUREMENT OF FISHTARGEST STRENGTHPRACTICAL ACOUSTIC SURVEYINGDATA ANALYSIS | ||
| 942 | _c01 | ||
| 010 | _a48608 | ||
| 999 |
_c222017 _d222017 |
||